Historia de Roma : hasta la batalla de Pydna : 168 a. de C. /

Guardat en:
Dades bibliogràfiques
Autor principal: Altheim, Franz (autor)
Format: Llibre
Idioma:espanyol
Publicat: México : UTEHA, 1961, c1961
Col·lecció:(Historia ; 10)
(Manuales UTEHA ; 46)
Matèries:
Etiquetes: Afegir etiqueta
Sense etiquetes, Sigues el primer a etiquetar aquest registre!

MARC

LEADER 00000nam^a2200000^a^4500
001 000100336
005 20250521000000.0
009 20260310093200.152
037 |a Acervo ITESO - Biblioteca 
041 |a ESP 
082 |a 945. 01  |b ALT V. 1 
100 |a Altheim, Franz  |e (autor) 
245 1 0 |a Historia de Roma :  |b hasta la batalla de Pydna : 168 a. de C. /  |c F. Altheim ; tr. por Carlos Gerhard. 
264 4 |a México :  |b UTEHA,  |c 1961, c1961 
300 |a 157 p. 
336 |a texto  |b txt  |2 rdacontenido 
337 |a sin mediación  |b n  |2 rdamedio 
338 |a volumen  |b nc  |2 rdasoporte 
440 1 |a (Historia ;  |v 10) 
440 1 |a (Manuales UTEHA ;  |v 46) 
500 |a Traducción de: Römische Geschichte 
649 |a XX 
650 |a Roma -  |x Historia -  |y Período Primitivo 
650 |a Roma -  |x Historia -  |y Reyes y Dominación Etrusca, 753-509 a.C. 
650 |a Roma -  |x Historia -  |y República, 509-31 a.C. 
650 |a Roma -  |x Historia 
910 |a Fondo General 
920 |a Impresos - Libros 
930 |a Colección General 
905 |a 101 
901 |a 0500036120  |b IT1  |c ACC  |u 20250521 
902 |a https://opac.biblio.iteso.mx/vufind/Record/000100336